[Event "48th Biel Master Open"]
[Site "Biel SUI"]
[Date "2015.07.28"]
[Round "8.4"]
[White "Solak, Dragan"]
[Black "Donchenko, Alexander"]
[Result "1-0"]
[WhiteTitle "GM"]
[BlackTitle "GM"]
[WhiteElo "2622"]
[BlackElo "2567"]
[WhiteFideId "916811"]
[BlackFideId "24603295"]
[EventDate "2015.07.20"]

1. e4 c5 2. Nf3 d6 3. d4 cxd4 4. Nxd4 Nf6 5. Nc3 a6 6. Bg5 Nbd7 7. Qe2 h6 8. Bh4
g6 9. f4 e5 10. fxe5 dxe5 11. O-O-O Qc7 12. Nb3 b5 13. Nd5 Nxd5 14. exd5 Bd6 15.
Kb1 Kf8 16. g4 h5 17. gxh5 Rxh5 18. Qe1 a5 19. Be2 a4 20. Nd4 exd4 21. Bxh5 gxh5
22. Qe4 Ra6 23. Qh7 Be5 24. Rhf1 Bg7 25. Rg1 Qe5 26. Rxg7 1-0

[Event "48th Biel Master Open"]
[Site "Biel SUI"]
[Date "2015.07.28"]
[Round "8.5"]
[White "Erdos, Viktor"]
[Black "Dragun, Kamil"]
[Result "1/2-1/2"]
[WhiteTitle "GM"]
[BlackTitle "GM"]
[WhiteElo "2610"]
[BlackElo "2586"]
[WhiteFideId "719978"]
[BlackFideId "1134167"]
[EventDate "2015.07.20"]

1. d4 Nf6 2. c4 e6 3. g3 c5 4. d5 exd5 5. cxd5 g6 6. Nc3 d6 7. Bg2 Bg7 8. Nf3
O-O 9. O-O Re8 10. Bf4 Ne4 11. Nxe4 Rxe4 12. Nd2 Rxf4 13. gxf4 Bxb2 14. Rb1 Bg7
15. Nc4 b6 16. Qa4 Ba6 17. Ne5 Bb7 18. Nc6 Qc7 19. Rb3 Nd7 20. f5 Bf6 21. fxg6
hxg6 22. h4 Kg7 23. h5 a6 24. hxg6 fxg6 25. Rg3 Rh8 26. Qc2 Nf8 27. Be4 1/2-1/2

[Event "48th Biel Master Open"]
[Site "Biel SUI"]
[Date "2015.07.28"]
[Round "8.7"]
[White "Fier, Alexandr"]
[Black "Rambaldi, Francesco"]
[Result "1-0"]
[WhiteTitle "GM"]
[BlackTitle "IM"]
[WhiteElo "2628"]
[BlackElo "2513"]
[WhiteFideId "2107139"]
[BlackFideId "20657307"]
[EventDate "2015.07.20"]

1. d4 Nf6 2. c4 c5 3. d5 b5 4. Nf3 g6 5. cxb5 a6 6. e3 Bg7 7. Nc3 Bb7 8. a4 O-O
9. Be2 axb5 10. Bxb5 e6 11. e4 exd5 12. exd5 Re8+ 13. Be3 Ng4 14. O-O Nxe3 15.
fxe3 Rxe3 16. Qd2 Re8 17. Kh1 h6 18. Rae1 Rxe1 19. Rxe1 Na6 20. d6 Nb4 21. Re7
Nc6 22. Rxf7 Qe8 23. Bc4 Kh8 24. Bd5 Rb8 25. Qc2 Ne5 26. Re7 Qf8 27. Bxb7 Rxb7
28. Qe2 Nxf3 29. Re8 Nd4 30. Rxf8+ Bxf8 31. Qe8 Kg7 32. Qe5+ Kh7 33. Qxc5 Nc6
34. Nb5 Rb8 35. a5 Re8 36. Qf2 Bg7 37. a6 Rb8 38. a7 Nxa7 39. Qxa7 Rxb5 40. Qxd7
Rxb2 41. g3 Rf2 42. Qe7 Kg8 43. d7 1-0

[Event "48th Biel Master Open"]
[Site "Biel SUI"]
[Date "2015.07.28"]
[Round "8.8"]
[White "Ulybin, Mikhail"]
[Black "Brkic, Ante"]
[Result "1/2-1/2"]
[WhiteTitle "GM"]
[BlackTitle "GM"]
[WhiteElo "2520"]
[BlackElo "2607"]
[WhiteFideId "4101405"]
[BlackFideId "14506688"]
[EventDate "2015.07.20"]

1. d4 Nf6 2. c4 e6 3. g3 d5 4. Bg2 dxc4 5. Nf3 Bd7 6. Ne5 Bc6 7. Nxc6 Nxc6 8.
O-O Qd7 9. e3 O-O-O 10. Nd2 e5 11. Nxc4 exd4 12. exd4 Qe6 13. Qa4 Rxd4 14. b3
Ne4 15. Bb2 Nc5 16. Qxc6 bxc6 17. Bxd4 Ne4 18. Rae1 f5 19. g4 Bd6 20. gxf5 Qh6
21. f4 Bxf4 22. Rxe4 Qxh2+ 23. Kf2 Qg3+ 24. Kg1 Qh2+ 25. Kf2 Qg3+ 1/2-1/2

[Event "48th Biel Master Open"]
[Site "Biel SUI"]
[Date "2015.07.28"]
[Round "8.9"]
[White "Yilmaz, Mustafa"]
[Black "Wirig, Anthony"]
[Result "1/2-1/2"]
[WhiteTitle "GM"]
[BlackTitle "GM"]
[WhiteElo "2582"]
[BlackElo "2511"]
[WhiteFideId "6302718"]
[BlackFideId "615013"]
[EventDate "2015.07.20"]

1. Nf3 d5 2. c4 c6 3. e3 Nf6 4. d4 Bg4 5. h3 Bh5 6. g4 Bg6 7. Ne5 e6 8. Nd2 Nfd7
9. Nxg6 hxg6 10. Bg2 Be7 11. O-O g5 12. e4 Nb6 13. c5 N6d7 14. b4 Nf8 15. Re1
Ng6 16. exd5 exd5 17. Nf3 Kf8 18. b5 Nf4 19. Bxf4 gxf4 20. Rb1 Nd7 21. bxc6 bxc6
22. Qe2 a5 23. Rb7 Rh6 24. Qxe7+ Qxe7 25. Rxe7 Kxe7 26. Ne5 Rd8 27. Rc7 g5 28.
Nxc6+ Rxc6 29. Rxc6 Nf8 30. Rc7+ Kf6 31. Ra7 Ne6 32. c6 Rd6 33. c7 Rc6 34. Bxd5
Rxc7 35. Ra6 Rd7 36. Bb3 Rxd4 37. Rxa5 Rd2 38. Ra6 Ke5 39. Kg2 Nc5 40. Ra5 Kd4
41. Bxf7 Nd3 42. Rd5+ Ke4 43. Kg1 Rb2 44. Rxg5 Nxf2 45. Bd5+ Ke3 46. Re5+ Kd4
47. Rh5 Nxh3+ 48. Rxh3 Kxd5 49. g5 Rxa2 50. g6 Ke6 51. g7 Kf7 52. Rh4 Kxg7 53.
Rxf4 Ra6 54. Kf2 Rf6 55. Rxf6 Kxf6 1/2-1/2

[Event "48th Biel Master Open"]
[Site "Biel SUI"]
[Date "2015.07.28"]
[Round "8.10"]
[White "Zoler, Dan"]
[Black "Heimann, Andreas"]
[Result "1-0"]
[WhiteTitle "GM"]
[BlackTitle "IM"]
[WhiteElo "2498"]
[BlackElo "2557"]
[WhiteFideId "2800705"]
[BlackFideId "24624632"]
[EventDate "2015.07.20"]

1. d4 Nf6 2. c4 e6 3. Nf3 b6 4. a3 Bb7 5. Nc3 d5 6. cxd5 Nxd5 7. e3 g6 8. Bb5+
c6 9. Bd3 Bg7 10. O-O Nd7 11. e4 Nxc3 12. bxc3 e5 13. Bg5 Qc7 14. Qd2 O-O 15. h4
c5 16. Rac1 c4 17. Bc2 Rfe8 18. Rfe1 f6 19. Bh6 Rad8 20. Bxg7 Kxg7 21. Ba4 a6
22. Bxd7 Qxd7 23. Qb2 exd4 24. Nxd4 Bxe4 25. f3 Bd5 26. Qxb6 Re7 27. Red1 Rde8
28. Rd2 Re3 29. Qxa6 Qc7 30. Qa4 Qg3 31. Rf1 R8e7 32. Nc2 Re2 33. Rxe2 Rxe2 34.
Qa7+ Bf7 35. Rf2 Re6 36. Qd4 Rd6 37. Qg4 Qe5 38. Nd4 f5 39. Qg5 h6 40. Qd2 Rb6
41. Rf1 f4 42. Re1 Qf6 43. Qf2 Ra6 44. Ra1 Ra5 45. Ne2 Rd5 46. a4 Rd2 47. a5 Qe5
48. Kf1 Qd6 49. a6 Rd1+ 50. Rxd1 Qxd1+ 51. Qe1 Qa4 52. Nxf4 Qxa6 53. Qe5+ Kh7
54. Kf2 Qa7+ 55. Kg3 Qd7 56. Ne2 Qa7 57. Nd4 Qd7 58. Nb5 Bg8 59. Nd6 Qg7 60. Kf4
Qf8+ 61. Ke3 Qd8 62. Ne8 Qb6+ 63. Kf4 Qb7 64. g4 Qf7+ 65. Kg3 Qa7 66. Nf6+ Kg7
67. Nd7+ Kf7 68. Qf6+ Ke8 69. Qf8+ 1-0

[Event "48th Biel Master Open"]
[Site "Biel SUI"]
[Date "2015.07.28"]
[Round "8.11"]
[White "Nezad, Husein Aziz"]
[Black "Can, Emre"]
[Result "1-0"]
[WhiteTitle "IM"]
[BlackTitle "GM"]
[WhiteElo "2405"]
[BlackElo "2547"]
[WhiteFideId "12100293"]
[BlackFideId "6302181"]
[EventDate "2015.07.20"]

1. d4 Nf6 2. c4 g6 3. Nc3 Bg7 4. e4 O-O 5. Nf3 d6 6. Be2 e5 7. O-O Nc6 8. d5 Ne7
9. b4 Nh5 10. g3 a5 11. Ba3 f5 12. b5 fxe4 13. Ng5 Nf5 14. Ncxe4 Nf6 15. b6 cxb6
16. Rb1 h6 17. Nxf6+ Bxf6 18. Ne6 Bxe6 19. dxe6 Rc8 20. Bf3 Be7 21. Qd3 Qc7 22.
Bd5 Rf6 23. Rb2 Nd4 24. Rfb1 b5 25. Rxb5 Nxb5 26. Rxb5 Rb8 27. Bc1 h5 28. Be3
Kg7 29. Bb6 Qc8 30. Ba7 Ra8 31. Be3 Rb8 32. Ba7 Ra8 33. Be3 Rb8 34. Rxa5 Rxe6
35. Bxe6 Qxe6 36. Rb5 Kf8 37. a4 Rc8 38. Rxb7 Rxc4 39. a5 e4 40. Qb3 d5 41. Qb5
Qe5 42. Rb8+ Kg7 43. Qe8 Qc7 44. Qg8+ Kf6 45. Rb6+ 1-0

[Event "48th Biel Master Open"]
[Site "Biel SUI"]
[Date "2015.07.28"]
[Round "8.12"]
[White "Ivanisevic, Ivan"]
[Black "Lampert, Jonas"]
[Result "1-0"]
[WhiteTitle "GM"]
[BlackTitle "IM"]
[WhiteElo "2662"]
[BlackElo "2448"]
[WhiteFideId "912417"]
[BlackFideId "1303759"]
[EventDate "2015.07.20"]

1. d4 d5 2. c4 c6 3. Nf3 Nf6 4. g3 dxc4 5. Bg2 g6 6. a4 Ne4 7. Qc2 Nd6 8. e4 Na6
9. O-O Bg7 10. e5 Nf5 11. Qxc4 Be6 12. Qc3 Bd5 13. Rd1 O-O 14. Na3 Nc7 15. Nc2
Ne6 16. b4 Be4 17. Bb2 Qd5 18. Re1 Bh6 19. Rxe4 Qxe4 20. Re1 Qd5 21. g4 Nf4 22.
gxf5 Nxg2 23. Kxg2 gxf5 24. b5 cxb5 25. Nb4 Qd7 26. e6 fxe6 27. d5 Rf6 28. dxe6
Qd6 29. axb5 Bg7 30. Kh1 Rg6 31. Qb3 Bxb2 32. Qxb2 Rg4 33. Nc2 Qd5 34. Qc3 Rd8
35. h3 Rg6 36. Nd4 a6 37. bxa6 bxa6 38. Ra1 Qe4 39. Re1 Qd5 40. Nc6 Re8 41. Ne5
Rg7 42. Nf7 h6 43. Nxh6+ Kh7 44. Nf7 Reg8 45. Qe3 Rg6 46. Qf4 a5 47. Ne5 Rf6 48.
Kh2 Qc5 49. Nh4 Qd5 50. Nef3 a4 51. Ng5+ Kh8 52. Rg1 a3 53. Nf7+ Kh7 54. Rxg8
Kxg8 55. Qb8+ 1-0

[Event "48th Biel Master Open"]
[Site "Biel SUI"]
[Date "2015.07.28"]
[Round "8.13"]
[White "Esen, Baris"]
[Black "Sayadyan, Edvard"]
[Result "1-0"]
[WhiteTitle "GM"]
[WhiteElo "2567"]
[BlackElo "1974"]
[WhiteFideId "6302114"]
[BlackFideId "13304909"]
[EventDate "2015.07.20"]

1. d4 Nf6 2. c4 g6 3. Nf3 Bg7 4. g3 O-O 5. Bg2 d6 6. O-O c5 7. Nc3 Nc6 8. e3 Bg4
9. h3 Bxf3 10. Bxf3 Nd7 11. d5 Na5 12. Qa4 Bxc3 13. bxc3 Ne5 14. Be2 b6 15. f4
Qd7 16. Qxd7 Nxd7 17. e4 Kg7 18. Bd2 Rae8 19. Rae1 e6 20. Bd3 e5 21. f5 h6 22.
h4 Nf6 23. Kg2 Nd7 24. Rf3 Rd8 25. Ref1 Rde8 26. Kf2 Rh8 27. Ke2 Ref8 28. Kd1
Rhg8 29. Kc2 Rh8 30. Be2 Nf6 31. Kd3 b5 32. cxb5 gxf5 33. Rxf5 c4+ 34. Ke3 Nd7
35. Bc1 f6 36. Ba3 Nb7 37. Bb4 Rc8 38. Bg4 Rc7 39. R5f2 Rf8 40. Bxd7 Rxd7 41. g4
Rdf7 42. a4 Ra8 43. g5 hxg5 44. hxg5 Raf8 45. gxf6+ Rxf6 46. Rxf6 Rxf6 47. Rxf6
Kxf6 48. a5 Nd8 1-0

[Event "48th Biel Master Open"]
[Site "Biel SUI"]
[Date "2015.07.28"]
[Round "8.14"]
[White "Wallace, John Paul"]
[Black "Bogner, Sebastian"]
[Result "0-1"]
[WhiteTitle "IM"]
[BlackTitle "GM"]
[WhiteElo "2385"]
[BlackElo "2544"]
[WhiteFideId "3200957"]
[BlackFideId "4692055"]
[EventDate "2015.07.20"]

1. e4 e5 2. Nf3 Nc6 3. d4 exd4 4. Nxd4 Bc5 5. Nb3 Bb6 6. Qe2 Nge7 7. Nc3 O-O 8.
Be3 f5 9. g3 fxe4 10. O-O-O d5 11. Nxe4 Qe8 12. Nc3 Qg6 13. Bg2 Bg4 14. f3 Bf5
15. Rd2 h5 16. Nb5 Rac8 17. Re1 Rfe8 18. Bxb6 cxb6 19. Qd1 Nb4 20. Nc3 Bxc2 21.
Rxc2 Nd3+ 22. Kd2 Nxe1 23. Kxe1 Nf5+ 24. Re2 Ne3 25. Rxe3 Rxe3+ 26. Kf2 Rd3 27.
Qe2 Re8 28. Qf1 b5 29. Bh1 Rxc3 30. bxc3 Qc2+ 31. Kg1 Qxc3 32. Kg2 Qc2+ 33. Kh3
Re2 34. Bg2 Qf5+ 35. g4 hxg4+ 36. fxg4 Re3+ 37. Kh4 Qh7+ 38. Kg5 Qh6+ 0-1

[Event "48th Biel Master Open"]
[Site "Biel SUI"]
[Date "2015.07.28"]
[Round "8.15"]
[White "Cherniaev, Alexander"]
[Black "Raetsky, Alexander"]
[Result "0-1"]
[WhiteTitle "GM"]
[BlackTitle "GM"]
[WhiteElo "2483"]
[BlackElo "2405"]
[WhiteFideId "4117301"]
[BlackFideId "4103203"]
[EventDate "2015.07.20"]

1. e4 e5 2. Nf3 Nf6 3. Nxe5 d6 4. Nf3 Nxe4 5. Nc3 Nf6 6. d4 Be7 7. h3 Bf5 8. Nh4
Be6 9. Nf3 c6 10. Bd3 Nd5 11. Nxd5 Bxd5 12. O-O O-O 13. Nh2 b5 14. b3 Be6 15. c4
bxc4 16. bxc4 Bf6 17. Rb1 h6 18. Be3 Nd7 19. Qh5 d5 20. c5 Re8 21. Rb7 Nf8 22.
Rfb1 Re7 23. R7b3 Qa5 24. a3 Rae8 25. Bc2 Bc8 26. Ng4 Bxg4 27. Qxg4 Kh8 28. Qf5
Qc7 29. Bd3 Qd7 30. Qh5 Rxe3 31. fxe3 Rxe3 32. Rb7 Bxd4 33. Rxd7 Rxh3+ 34. Kf1
Rxh5 35. Rd8 Bxc5 36. a4 g6 37. Rc8 Kg7 38. Rxc6 Ne6 39. Ke1 Bb6 40. Bf1 Rh4 41.
Ra1 Nd4 0-1

[Event "48th Biel Master Open"]
[Site "Biel SUI"]
[Date "2015.07.28"]
[Round "8.16"]
[White "Studer, Noel"]
[Black "Romanishin, Oleg M"]
[Result "1/2-1/2"]
[WhiteTitle "IM"]
[BlackTitle "GM"]
[WhiteElo "2416"]
[BlackElo "2475"]
[WhiteFideId "1319620"]
[BlackFideId "14100088"]
[EventDate "2015.07.20"]

1. e4 e5 2. Nf3 Nc6 3. Bb5 a6 4. Ba4 Nf6 5. O-O Be7 6. Re1 b5 7. Bb3 d6 8. c3
O-O 9. d4 Bg4 10. Be3 Bh5 11. Nbd2 Na5 12. Bc2 Ng4 13. b4 Nc6 14. d5 Nxe3 15.
Rxe3 Na7 16. a4 c5 17. dxc6 Nxc6 18. Rd3 Qb8 19. Bb3 Nd8 20. Rd5 bxa4 21. Rxa4
Ne6 22. Rda5 Qc8 23. Bd5 Bd8 24. Bxa8 Bxa5 25. Bd5 Bd8 26. Bc4 Bxf3 27. gxf3 Bg5
28. Ra2 Bxd2 29. Bxe6 fxe6 30. Rxd2 Qxc3 31. Rxd6 Qxf3 32. Qxf3 Rxf3 33. Rxa6
Kf7 34. Kg2 Rb3 35. Rb6 Kf6 36. Rb8 Kg5 37. Rb7 g6 38. b5 Kf4 39. Rxh7 Rxb5 40.
Rf7+ Kxe4 41. h4 Kd4 42. Rg7 Ke4 43. Rf7 Kd5 44. Rf6 Rb4 45. Kg3 Rb1 46. Kg2 1/2-1/2

[Event "48th Biel Master Open"]
[Site "Biel SUI"]
[Date "2015.07.28"]
[Round "8.17"]
[White "Misiano, Franco"]
[Black "Svane, Rasmus"]
[Result "0-1"]
[WhiteTitle "FM"]
[BlackTitle "IM"]
[WhiteElo "2311"]
[BlackElo "2531"]
[WhiteFideId "804746"]
[BlackFideId "4657101"]
[EventDate "2015.07.20"]

1. e4 c6 2. d4 d5 3. Nc3 dxe4 4. Nxe4 Bf5 5. Ng3 Bg6 6. h4 h6 7. Nf3 Nd7 8. h5
Bh7 9. Bd3 Bxd3 10. Qxd3 e6 11. Bd2 Ngf6 12. O-O-O Be7 13. Ne4 Nxe4 14. Qxe4 Nf6
15. Qd3 c5 16. Qb5+ Qd7 17. Qxd7+ Nxd7 18. Be3 cxd4 19. Nxd4 a6 20. Kb1 Rc8 21.
f3 Nf6 22. g4 O-O 23. Bc1 Rfd8 24. c3 Rd5 25. Nc2 Rcd8 26. Ne3 Rxd1 27. Rxd1
Rxd1 28. Nxd1 Nd7 29. Bf4 f5 30. gxf5 Kf7 31. Ne3 Nf6 32. fxe6+ Kxe6 33. Kc2
Nxh5 34. Bh2 Bd6 35. Bxd6 Kxd6 36. Kd3 Ke5 37. Nc4+ Kf4 38. Ke2 Ng3+ 39. Kf2 Nf5
40. Na5 Nd6 41. b3 Ke5 42. Ke3 g5 43. c4 Nf5+ 44. Kf2 b6 45. Nc6+ Kd6 46. Nb4 a5
47. Nd3 Kc6 48. Ne5+ Kc5 49. Nd7+ Kc6 50. Ne5+ Kc7 51. Nd3 Kd6 52. a3 Nd4 53. b4
Kc6 54. Ne5+ Kc7 55. bxa5 bxa5 56. Ke3 Ne6 57. c5 h5 58. Ke4 h4 59. Kf5 h3 60.
Ng4 Nd4+ 61. Kxg5 Nxf3+ 62. Kf4 h2 63. Nf2 Nd2 64. Nh1 Kc6 65. Kg3 Kxc5 66. Kxh2
Nc4 67. Nf2 Nxa3 68. Kg2 Nc4 69. Kf3 a4 70. Ke2 a3 71. Nd3+ Kd4 72. Nc1 Kc3 73.
Na2+ Kb3 74. Nc1+ Kc2 75. Na2 Nb6 76. Nb4+ Kc3 77. Na2+ Kb2 78. Nb4 Nd5 79. Nxd5
a2 80. Nb4 a1=Q 81. Nd3+ Kc3 82. Nf4 Kd4 83. Kf3 Qf1+ 84. Kg3 Ke4 85. Ng2 Qg1
86. Kh3 Kf3 87. Nh4+ Kf2 88. Nf5 Qg5 0-1

[Event "48th Biel Master Open"]
[Site "Biel SUI"]
[Date "2015.07.28"]
[Round "8.18"]
[White "Andersen, Mads"]
[Black "Hasenohr, Benedict"]
[Result "0-1"]
[WhiteTitle "IM"]
[BlackTitle "FM"]
[WhiteElo "2467"]
[BlackElo "2317"]
[WhiteFideId "1413864"]
[BlackFideId "1303309"]
[EventDate "2015.07.20"]

1. c4 c6 2. Nf3 d5 3. g3 Nf6 4. Bg2 Bf5 5. Qb3 Qb6 6. cxd5 Qxb3 7. axb3 Nxd5 8.
d3 Nb4 9. Na3 Nd7 10. O-O e6 11. Bd2 Bg4 12. Nc4 Nd5 13. Rfc1 f6 14. Nd4 Bc5 15.
h3 Bxd4 16. hxg4 O-O 17. b4 a6 18. e3 Be5 19. d4 Bc7 20. e4 Ne7 21. Na5 Bb6 22.
Rc4 Rab8 23. g5 Rfd8 24. gxf6 gxf6 25. Rd1 e5 26. d5 cxd5 27. exd5 Nf8 28. Bc3
Nf5 29. Rg4+ Ng6 30. Be4 Nh6 31. Nc4 Bxf2+ 32. Kxf2 Nxg4+ 33. Kf3 Nh6 34. d6 Nf7
35. Bd5 Kg7 36. b5 Nxd6 37. Ne3 Nxb5 38. Nf5+ Kh8 39. Nh6 Nxc3 40. bxc3 Rd7 0-1

[Event "48th Biel Master Open"]
[Site "Biel SUI"]
[Date "2015.07.28"]
[Round "8.19"]
[White "Meins, Gerlef"]
[Black "Vojinovic, Jovana"]
[Result "1/2-1/2"]
[WhiteTitle "IM"]
[BlackTitle "WGM"]
[WhiteElo "2436"]
[BlackElo "2292"]
[WhiteFideId "4620895"]
[BlackFideId "937266"]
[EventDate "2015.07.20"]

1. Nf3 e6 2. c4 f5 3. g3 Nf6 4. Bg2 Be7 5. O-O d5 6. d4 Ne4 7. Nbd2 Nc6 8. e3 h5
9. Nxe4 dxe4 10. Ne5 Nxe5 11. dxe5 Qxd1 12. Rxd1 h4 13. f3 hxg3 14. hxg3 exf3
15. Bxf3 g5 16. Bd2 c6 17. Kf2 Bd7 18. Rh1 O-O-O 19. Rxh8 Rxh8 20. Rh1 Rxh1 21.
Bxh1 Be8 22. Bf3 Bg6 23. b4 Kc7 24. Bc3 Kc8 25. Be2 Kc7 26. Bf3 Kc8 27. Be2 Kc7
28. Bf3 1/2-1/2

[Event "48th Biel Master Open"]
[Site "Biel SUI"]
[Date "2015.07.28"]
[Round "8.20"]
[White "Ivanov, Mike"]
[Black "Cebalo, Miso"]
[Result "0-1"]
[BlackTitle "GM"]
[WhiteElo "2192"]
[BlackElo "2397"]
[WhiteFideId "2613158"]
[BlackFideId "14500094"]
[EventDate "2015.07.20"]

1. e4 c5 2. Nf3 d6 3. d4 cxd4 4. Qxd4 Nc6 5. Bb5 Bd7 6. Bxc6 Bxc6 7. Nc3 e6 8.
Bg5 Nf6 9. Qd3 Be7 10. Nd4 Rc8 11. O-O-O O-O 12. f4 a6 13. f5 Bd7 14. Nde2 Qa5
15. g4 Rfd8 16. Bd2 Bb5 17. Qf3 Bxe2 18. Qxe2 Qe5 19. g5 Nd7 20. Qg4 Rc4 21. Bf4
exf5 22. Qg3 Qe6 23. Bxd6 fxe4 24. Bxe7 Qxe7 25. Nd5 Qf8 26. Rhg1 Rcc8 27. Qh4
Re8 28. Rg4 Qc5 29. c3 e3 30. Nf6+ Nxf6 31. gxf6 g6 32. Rg5 Qf8 33. Rg3 e2 34.
Re1 Rc6 35. Rh3 h5 36. Qg5 Rc5 37. Qd2 Rce5 38. Rd3 R5e6 39. Rd7 b5 40. Kc2 Qc5
41. Rd5 Qf2 42. Rxh5 Qxf6 43. Rd5 Qf2 44. h3 Re3 45. Rd8 Kh7 46. Rxe8 Rxe8 47.
b3 Re3 48. Kb2 Rd3 0-1

[Event "48th Biel Master Open"]
[Site "Biel SUI"]
[Date "2015.07.29"]
[Round "9.1"]
[White "Solak, Dragan"]
[Black "Fridman, Daniel"]
[Result "1/2-1/2"]
[WhiteTitle "GM"]
[BlackTitle "GM"]
[WhiteElo "2622"]
[BlackElo "2639"]
[WhiteFideId "916811"]
[BlackFideId "11600454"]
[EventDate "2015.07.20"]

1. e4 e5 2. Nf3 Nf6 3. Nxe5 d6 4. Nf3 Nxe4 5. d4 d5 6. Bd3 Nc6 7. O-O Be7 8. Nc3
Nxc3 9. bxc3 Bg4 10. Rb1 Rb8 11. Re1 O-O 12. h3 Bh5 13. Bf5 Bg6 14. Bxg6 hxg6
15. c4 a6 16. Qd3 dxc4 17. Qxc4 Bf6 18. Bf4 Nxd4 19. Nxd4 Qxd4 20. Qxd4 Bxd4 21.
Bxc7 Rbe8 22. Red1 Bc5 23. Rd5 b6 24. a4 Rc8 25. Bxb6 Bxb6 26. Rxb6 Rxc2 27.
Rxa6 Re8 28. Rd4 g5 29. f3 Ra2 30. Ra5 f6 31. Ra7 Kh7 32. Rg4 Re1+ 33. Kh2 Rf1
34. h4 Rxf3 35. hxg5 f5 36. Rh4+ Kg6 37. Ra6+ Kxg5 38. Rh7 g6 39. Rg7 Kh4 40.
Rh7+ Kg5 41. Rg7 Kh4 42. Rh7+ 1/2-1/2

[Event "48th Biel Master Open"]
[Site "Biel SUI"]
[Date "2015.07.29"]
[Round "9.2"]
[White "Adhiban, Baskaran"]
[Black "Sutovsky, Emil"]
[Result "0-1"]
[WhiteTitle "GM"]
[BlackTitle "GM"]
[WhiteElo "2627"]
[BlackElo "2619"]
[WhiteFideId "5018471"]
[BlackFideId "2802007"]
[EventDate "2015.07.20"]

1. e4 c5 2. Nf3 Nc6 3. Nc3 g6 4. d4 cxd4 5. Nxd4 Bg7 6. Be3 Nf6 7. Bc4 O-O 8.
Bb3 d6 9. h3 Na5 10. O-O b6 11. Re1 Bb7 12. Bg5 h6 13. Bh4 Re8 14. Ba4 Nd7 15.
Nd5 g5 16. Bg3 e6 17. Nb4 a6 18. Ndc6 Qc8 19. Nxa5 bxa5 20. Qxd6 Rd8 21. Nc6
Bxc6 22. Qxc6 Nc5 23. Qxc8 Raxc8 24. Bb3 a4 25. Bc4 a3 26. e5 axb2 27. Rab1 Rd4
28. Bf1 Na4 29. c4 Rd2 30. Re3 Rcd8 31. c5 Rd1 32. Re1 Rxe1 33. Rxe1 Nxc5 34. f4
Ne4 35. Bf2 Nc3 0-1

[Event "48th Biel Master Open"]
[Site "Biel SUI"]
[Date "2015.07.29"]
[Round "9.3"]
[White "Gharamian, Tigran"]
[Black "Nezad, Husein Aziz"]
[Result "1/2-1/2"]
[WhiteTitle "GM"]
[BlackTitle "IM"]
[WhiteElo "2649"]
[BlackElo "2405"]
[WhiteFideId "13301527"]
[BlackFideId "12100293"]
[EventDate "2015.07.20"]

1. c4 c6 2. d4 d5 3. cxd5 cxd5 4. Bf4 Nf6 5. Nc3 Nc6 6. e3 Bf5 7. Qb3 Na5 8.
Qa4+ Bd7 9. Qc2 Rc8 10. Bd3 b5 11. Qe2 b4 12. Nd1 g6 13. h3 Bg7 14. Nf3 Nc4 15.
Nd2 Qb6 16. f3 O-O 17. Nxc4 dxc4 18. Bxc4 Rxc4 19. Qxc4 Rc8 20. Qe2 Nd5 21. Bg3
f5 22. O-O Bb5 23. Qd2 Bxf1 24. Kxf1 Qa6+ 25. Kg1 Qc4 26. Be1 f4 27. Bf2 Qc2 28.
Qe1 a5 29. a3 b3 30. exf4 Nxf4 31. Qxa5 Nd3 32. Be3 Kh8 33. Qb5 h5 34. Kh2 Kh7
35. Nf2 Qxb2 36. Ne4 Qxa1 37. Ng5+ Kh8 38. Qxd3 b2 39. Qxg6 b1=Q 40. Nf7+ Kg8
41. Nh6+ Kh8 42. Nf7+ 1/2-1/2

[Event "48th Biel Master Open"]
[Site "Biel SUI"]
[Date "2015.07.29"]
[Round "9.4"]
[White "Dragun, Kamil"]
[Black "Fier, Alexandr"]
[Result "1/2-1/2"]
[WhiteTitle "GM"]
[BlackTitle "GM"]
[WhiteElo "2586"]
[BlackElo "2628"]
[WhiteFideId "1134167"]
[BlackFideId "2107139"]
[EventDate "2015.07.20"]

1. d4 Nf6 2. c4 g6 3. Nc3 d5 4. Bf4 Bg7 5. e3 c5 6. dxc5 Qa5 7. Qa4+ Qxa4 8.
Nxa4 Ne4 9. f3 Bd7 10. fxe4 Bxa4 11. cxd5 Bxb2 12. Rb1 Bc3+ 13. Kf2 Nd7 14. Bb5
Bxb5 15. Rxb5 a6 16. Rxb7 Nxc5 17. Rc7 Nxe4+ 18. Kf3 Nd2+ 19. Ke2 Ba5 20. Rc5
Bb4 21. Rc2 Rd8 22. Nf3 Nxf3 23. gxf3 O-O 24. e4 e6 25. dxe6 fxe6 26. Bh6 Rc8
27. Rhc1 Rxc2+ 28. Rxc2 Re8 29. h3 Kf7 30. Bg5 Ba5 31. Rc6 Bd8 32. Be3 a5 33.
Bc5 g5 34. a4 Bf6 35. Bb6 Rb8 36. Kd3 Bd8 37. Bxd8 Rxd8+ 38. Ke3 Rd1 39. Rc5 Kf6
40. Kf2 h5 41. Rxa5 Rd2+ 42. Kg1 Ra2 43. h4 gxh4 44. Rxh5 Rxa4 45. Rxh4 e5 46.
Kf2 Ra8 47. Rh6+ Ke7 48. Rg6 Rf8 49. Kg3 Rf4 50. Rg5 Ke6 51. Rg8 Ke7 52. Ra8 Kd7
53. Kf2 Ke7 54. Ke3 Kd7 55. Rh8 Ke7 56. Rh3 Rf8 57. Kd3 Ke6 58. Kc4 Rc8+ 1/2-1/2

[Event "48th Biel Master Open"]
[Site "Biel SUI"]
[Date "2015.07.29"]
[Round "9.5"]
[White "Bok, Benjamin"]
[Black "Zoler, Dan"]
[Result "1-0"]
[WhiteTitle "GM"]
[BlackTitle "GM"]
[WhiteElo "2562"]
[BlackElo "2498"]
[WhiteFideId "1017063"]
[BlackFideId "2800705"]
[EventDate "2015.07.20"]

1. e4 e5 2. Nf3 Nc6 3. Bb5 g6 4. c3 a6 5. Ba4 d6 6. d4 Bd7 7. O-O Bg7 8. Re1 b5
9. Bb3 Nf6 10. Nbd2 O-O 11. h3 h6 12. Nf1 Re8 13. Ng3 Qe7 14. Bc2 Qf8 15. Bd2
Na5 16. b3 c5 17. Be3 Nc6 18. Qd2 a5 19. Rac1 Rec8 20. dxc5 dxc5 21. Bd3 Rab8
22. Qe2 a4 23. bxa4 bxa4 24. Bc4 Qe7 25. Rb1 Na5 26. Bb5 Qe6 27. c4 Bxb5 28.
cxb5 Nc4 29. Bc1 Ne8 30. Qc2 Nb6 31. Ne2 Nd6 32. Nc3 Ra8 33. Rd1 f5 34. Nd2 Ra5
35. Ba3 Bf8 36. f3 Qe8 37. Qd3 Qf7 38. Qe2 f4 39. Kh1 h5 40. Qf2 Qc7 41. Qe2 Qf7
42. Nd5 Nxd5 43. exd5 Qxd5 44. Nb3 Qxd1+ 45. Qxd1 axb3 46. Rxb3 c4 47. Bxd6 cxb3
48. Qxb3+ Kh7 49. Bxe5 Bg7 50. Bxg7 Kxg7 51. b6 Re5 52. b7 Rb8 53. Qc3 Kf6 54.
Qc7 Ree8 55. Qxf4+ Kg7 56. Qc7+ Kh6 57. h4 Rbd8 58. Kh2 g5 59. Qc6+ Kg7 60. hxg5 1-0